| 000 | 00360nam a2200145Ia 4500 | ||
|---|---|---|---|
| 008 | 230917s9999||||xx |||||||||||||| ||und|| | ||
| 040 |
_e128900 _aMAIN |
||
| 041 | _aEnglish | ||
| 082 | _a820.9 H678M | ||
| 100 | _aHogan, Robert | ||
| 245 | 0 | _aMacmilan dictionary of irish literature | |
| 260 |
_aLondon _bMacmillan _c1979 |
||
| 300 | _a815p p. | ||
| 942 | _cBK | ||
| 999 |
_c210884 _d210884 |
||